El Presupuesto Municipal extraordinario para obras o servicios de primer establecimiento en el medio rural (Record no. 29828)
[ view plain ]
| 000 -LEADER | |
|---|---|
| campo de control de longitud fija | 00633nam a2200169 i 4500 |
| 001 - NÚMERO DE CONTROL | |
| campo de control | 29828 |
| 003 - IDENTIFICADOR DE NÚMERO DE CONTROL | |
| campo de control | ES-MaACL |
| 005 - FECHA Y HORA DE LA ÚLTIMA TRANSACCIÓN | |
| campo de control | 20230906154109.0 |
| 007 - CAMPO FIJO DE DESCRIPCIÓN FÍSICA--INFORMACIÓN GENERAL | |
| campo de control de longitud fija | t| |
| 008 - DATOS DE LONGITUD FIJA--INFORMACIÓN GENERAL | |
| campo de control de longitud fija | 030123q1956 sp ||||1| spa d |
| 100 1# - ENTRADA PRINCIPAL--NOMBRE DE PERSONA | |
| Nombre de persona | Basanta Santa-Cruz, Antonio. |
| 9 (RLIN) | 26248 |
| 245 13 - MENCIÓN DEL TÍTULO | |
| Título | El Presupuesto Municipal extraordinario para obras o servicios de primer establecimiento en el medio rural |
| Resto del título | : ajustada a la Ley de Régimen Local, texto refundido de 24 d junio de 1955... / |
| Mención de responsabilidad, etc. | por Antonio Basanta Santa-Cruz. |
| 250 ## - MENCION DE EDICION | |
| Mención de edición | 4ª ed. |
| 260 ## - PUBLICACIÓN, DISTRIBUCIÓN, ETC. | |
| Lugar de publicación, distribución, etc. | Barcelona : |
| Nombre del editor, distribuidor, etc. | Bayer, |
| Fecha de publicación, distribución, etc. | [1956?] |
| 300 ## - DESCRIPCIÓN FÍSICA | |
| Extensión | 215 p. ; |
| Dimensiones | 24 cm. |
| 852 ## - LOCALIZACIÓN | |
| Ubicación | ES-MaACL |
| Número de control de estantería | C-11879 |
| Sublocalización o colección | R.40027 |
| Estatus retirado | Estado de pérdida | Estado de daño | No para préstamo | Biblioteca de origen | Biblioteca actual | Ubicación en estantería | Fecha de adquisición | Fuente de adquisición | Total de préstamos | Signatura topográfica completa | Código de barras | Visto por última vez | Precio de reemplazo | Tipo de ítem Koha |
|---|---|---|---|---|---|---|---|---|---|---|---|---|---|---|
| Biblioteca del Ateneo de Madrid | Biblioteca del Ateneo de Madrid | Sala Palomar | 17/01/2008 | C-11879 | 1030796 | 23/02/2023 | 23/02/2023 | Libro impreso |
